| 000 | 00619cam a2200229 4500 | ||
|---|---|---|---|
| 005 | 20260322212100.0 | ||
| 008 | data | ||
| 010 | _a68-31280 | ||
| 040 |
_aDNLM _cDNLM |
||
| 041 | 0 | 9 | _aeng |
| 060 | 0 | 0 |
_aHQ 18.G5 _bP361w 1969 |
| 090 | _aHQ 18 P316w 1969 | ||
| 100 | 1 | _aPearsall, Ronald. | |
| 245 | 1 | 4 |
_aThe worm in the bud : _bthe world of Victorian sexuality / _cRonald Pearsall. |
| 246 | 3 | _aVictorian sexuality | |
| 250 | _a[1st American ed. | ||
| 260 |
_aNew York] _bMacmillan _c[1969] |
||
| 300 | _axv, 560 p. | ||
| 500 | _aIncludes bibliogaphical references, | ||
| 650 | 2 |
_aSexual Behavior _xhistory |
|
| 001 | data | ||
| 999 |
_c1429 _d1429 |
||